000 00566nmm a2200193Ia 4500
008 251105s9999||||xx |||||||||||||||||und||
020 _a9788498959635
041 _aspa
100 _aLanseros, Raquel
245 0 _aEsta momentánea eternidad :
_b Poesía reunida (2005-2016)
264 _a[Madrid, España] :
_bVisor Libros,
_c2016
300 _a268 páginas
490 _aVisor de Poesía
650 _aSpanish poetry
700 _aLanseros, Raquel
700 1 _a Lanseros, Raquel
856 _uhttps://public.digitaliapublishing.com/a/77212
942 _cCF
999 _c67649
_d67649